000 00603nam a2200229Ia 4500
003 OSt
005 20220928104210.0
006 a|||||r|||| 00| 0
007 ta
008 220927b |||||||| |||| 00| 0 eng d
024 _a57523
037 _cTextual
040 _aSDCL
_cSDCL
_beng
041 _2eng
_aeng
082 _aY73(Q7):52'M, L3
100 _aLal K S
_9409573
245 0 _aGrowth of Muslim population in medieval India.
260 _aDelhi
_bResearch
_c1973
300 _a272p
_ccm.
942 _hY73(Q7):52'M, L3
_cTEXL
_2CC
999 _c725144
_d725144